00973 2200337 4500001002100000005001500021035002000036007000300056040001800059100002600077245008000103250001200183300003300195020002200228041000800250082001600258084001600274090002100290264003200311336002100343337003000364338002300394650001800417850001000435008004100445700003400486700004900520990002200569990002200591990002200613INLIS00000000000710420260603014437 a0010-0822000078ta aSBPUPAD b ind0 aArleen A.ePengarang1 aCerita Rakyat Jambi Kelingkig Si Pemberani /cArleen A ; editor, Imran Laha a.-cet.1 a20 hlm :bilus ;c17 x 17 cm a978-623-7576-71-6 aind a398.2 ARL c a398.2 ARL c a297.73 ABU p 5-9 a.-- Jakarta :bKanak,c2021 2rdacontentateks 2rdamediaatanpa perantara 2rdacarrieravolume 4aCerita Rakyat aPUPAD260603 1 0 aEditor, Imran LahaePengarang aEditor Kedua, Gusti Maria AzzahraePengarang a36.628/B/DPK/2022 a36.629/B/DPK/2022 a36.627/B/DPK/2022